000
00243nam a2200097 a 4500
005
20200930065645.0
008
110718s1981 000 spa d
245
0
_a
Rescate desde manaclas/.
260
_a
[Santo Domingo],
_c
1981.
999
_c
31959
_d
31959
040
_a
DO-SdBNP